000 00380nam a2200169Ia 4500
008 210210b1934 xxu||||| |||| 00| 0 eng d
041 _aeng
082 _a320/331
100 _aLASKI (H J)
245 _aDemocracy in crisis
260 _a
_bNot Mentioned
_c1934
650 _ain
650 _aDemocracy
650 _acrisis
690 _aPolitical Science
906 _a002078
999 _c118306
_d118306